000 01022nam a2200301 4500
003 EC-UNACH
005 20250812132625.0
006 s||||gr|||| 00| 00
008 150116t9999 mx r gr 000 0 spa d
020 _a84-89179-03-4
040 _aEC-UNACH
_cEC-UNACH
041 _aspa
082 0 4 _223
_a616
_bL017976
100 _aPalacios Santiago
245 _aProtocolos terapéuticos en menopausia
264 _aMadrid, España
_bMIRPAL
_c2015
300 _a137 páginas
_bFiguras, tablas
_c21 x 15 cm
505 _aHistoria de la terapia hormonal sustitutiva -- Generalidades de la terapia hormonal sustitutiva -- Aspectos ginecológicos y terapia hormonal sustitutiva -- Mama y terapia hormonal sustitutiva -- Otros cánceres y THS.
650 _aESTRÓGENOS
650 _aCÁNCER
650 _aTERAPIA HORMONAL
650 _aMAMOGRAFÍA
650 _aMELANOMA
942 _2ddc
_c1
999 _c13611